000 00775nam a2200253 a 4500
003 MX-MxUPN
005 20241001063916.0
008 991125s1944 xxua r 000 0 eng d
035 _aUPN01000052824
040 _aMX-MxUPN
_bspa
_cMX-MxUPN
041 0 _aeng
050 1 4 _aLB1195
_bN45
100 1 _aNemec, Lois Gadd
_949129
245 1 0 _aSchool friends
260 _aNew York :
_bMacMillan,
_c1944.
300 _avii, 78 páginas :
_bilustraciones ;
_c21 cm.
490 0 _aDemocracy series
650 4 _aEducación preescolar
_91517
650 4 _aSocialización del niño
_93953
700 1 _aPointer, Priscilla
_949130
_eilustración
710 2 _aInstituto Nacional de Pedagogía (México)
_epropietario anterior
_928088
942 _2lcc
_cLIBRO
999 _c52824
_d52824